Statystyki dla Kto Wybiegł Wtedy Na Boisko Holandia 0-1 Hiszpania 2010 MŚ

Kliknij tutaj aby rozwiązać quiz!

Ogólne statystyki

  • Ten quiz został rozwiązany 202 razy
  • Średni wynik to 16 z 30

Statystyki odpowiedzi

PozycjaPiłkarz% Poprawnych
BramkarzCasilllas
95%
PPOIniesta
94%
PORamos
91%
ŚPOXavi
91%
ŚOPique
88%
NVilla
88%
ŚOPuyol
84%
NVan Persie
83%
PSRobben
82%
ŚPDBusquets
78%
RezerwowyTorres
76%
TrenerDel Bosque
66%
ŚPOSneijder
64%
ŚPDAlonso
58%
BramkarzStekelenburg
51%
ŚPDDe Jong
50%
RezerwowyFabregas
44%
LPOPedro
42%
LSKuyt
40%
LOCapdevila
32%
LOVan Bronckhorst
32%
ŚPDVan Bommel
29%
ŚOHeitinga
26%
RezerwowyVan Der Vaart
24%
RezerwowyNavas
20%
POVan Der Wiel
16%
TrenerVan Marwijk
11%
RezerwowyElia
7%
ŚOMathijsen
7%
RezerwowyBraafheid
2%

Rozkład punktacji

Percentyl według liczby udzielonych odpowiedzi

Procent ludzi z każdym wynikiem

Twoja historia wyników

Nie rozwiązałeś tego quizu